Music Quiz

Random Music Quiz

Escape The Fate - 'Reverse This Curse' Lyrics Quiz Stats

 Plays Quiz not verified by Sporcle

Challenge
Share
Tweet
Embed
Score 0/232 Timer 06:00
0 Plays Today
% Correct
to
100%
I
100%
to
100%
to
100%
I
100%
to
100%
I
100%
I
100%
to
100%
to
100%
to
100%
to
100%
I
100%
I
100%
to
100%
I
100%
I
100%
to
100%
to
100%
to
100%
I
100%
I
100%
to
100%
to
100%
to
100%
to
100%
I
100%
I
100%
A
96%
and
96%
a
96%
My
96%
It
96%
on
96%
and
96%
lose
96%
But
96%
on
96%
this
96%
my
96%
chance
96%
reverse
96%
this
96%
You
96%
my
96%
heart
96%
but
96%
had
96%
it
96%
first
96%
And
96%
now
96%
And
96%
lose
96%
you
96%
this
96%
And
96%
my
96%
had
96%
you
96%
and
96%
chance
96%
reverse
96%
this
96%
You
96%
my
96%
heart
96%
but
96%
had
96%
it
96%
first
96%
And
96%
now
96%
And
96%
lose
96%
you
96%
chance
96%
reverse
96%
% Correct
this
96%
You
96%
my
96%
heart
96%
but
96%
had
96%
it
96%
first
96%
And
96%
now
96%
And
96%
lose
96%
you
96%
this
96%
And
96%
my
96%
an
92%
an
92%
go
92%
One
92%
last
92%
curse
92%
stole
92%
got
92%
nothing
92%
Last
92%
One
92%
last
92%
curse
92%
stole
92%
got
92%
nothing
92%
One
92%
last
92%
curse
92%
stole
92%
got
92%
nothing
92%
So
88%
see
88%
you've
88%
something
88%
prove
88%
so
88%
So
88%
see
88%
you've
88%
something
88%
prove
88%
so
88%
see
88%
you've
88%
something
88%
prove
88%
so
88%
So
88%
the
84%
me
84%
the
84%
the
84%
the
84%
the
84%
the
84%
the
84%
the
84%
me
84%
the
84%
me
84%
the
84%
the
84%
the
84%
tell
80%
truth
80%
night
80%
dream
80%
tell
80%
truth
80%
tell
80%
% Correct
truth
80%
will
76%
in
76%
let
76%
let
76%
that
76%
in
76%
that
76%
weirdest
76%
That
76%
that
76%
let
76%
let
76%
that
76%
in
76%
that
76%
past
72%
her
72%
is
72%
is
72%
her
72%
dark
72%
city
72%
dark
72%
future
68%
goes
68%
live
68%
too
68%
live
68%
never
68%
goes
68%
lights
68%
goes
68%
blurry
64%
hearts
64%
out
64%
fast
64%
know
64%
die
64%
head
64%
out
64%
ones
64%
love
64%
darkest
64%
out
64%
ones
64%
love
64%
withered
60%
there
60%
I'll
60%
It's
60%
fall
60%
girl
60%
through
60%
for
60%
fall
60%
girl
60%
auction
56%
chest
56%
dead
56%
drove
56%
Passing
56%
highest
52%
bid
52%
option
52%
into
52%
Closure
52%
kids
52%
hang
48%
dug
48%
pain
48%
filled
48%
died
48%
filled
48%
off
44%
street
44%

You're not logged in!

Compare scores with friends on all Sporcle quizzes.
Join for Free
OR
Log In

You Might Also Like...

Show Comments

Extras

Created Jan 26, 2017ReportNominate
Tags:curse, escape, fate, reverse

Top Quizzes Today


Score Distribution

Your Account Isn't Verified!

In order to create a playlist on Sporcle, you need to verify the email address you used during registration. Go to your Sporcle Settings to finish the process.

Report this User

Report this user for behavior that violates our Community Guidelines.

Details: